The Holy Bible : (Record no. 1165)

MARC details
000 -LEADER
fixed length control field 01135cam a2200289 i 4500
005 - DATE AND TIME OF LATEST TRANSACTION
control field 20260322212049.0
008 - FIXED-LENGTH DATA ELEMENTS--GENERAL INFORMATION
fixed length control field data
010 ## - LIBRARY OF CONGRESS CONTROL NUMBER
LC control number 2016364000
020 ## - INTERNATIONAL STANDARD BOOK NUMBER
International Standard Book Number 9781585160808
020 ## - INTERNATIONAL STANDARD BOOK NUMBER
International Standard Book Number 1585160806
040 ## - CATALOGING SOURCE
Original cataloging agency D LC
Language of cataloging eng
Description conventions rda
Transcribing agency DLC
042 ## - AUTHENTICATION CODE
Authentication code pcc
050 00 - LIBRARY OF CONGRESS CALL NUMBER
Classification number BS185 2000
Item number .N49 2000
092 ## - LOCALLY ASSIGNED DEWEY CALL NUMBER (OCLC)
Classification number 220.52 N49 2000 REF
001 - CONTROL NUMBER
control field data
130 0# - MAIN ENTRY--UNIFORM TITLE
Uniform title Bible.
Language of a work English.
Version Authorized.
Date of a work 2000.
245 14 - TITLE STATEMENT
Title The Holy Bible :
Remainder of title containing the Old and New Testaments : King James Version.
Statement of responsibility, etc. American Bible Society & Bible Collection (Library of Congress).
246 3# - VARYING FORM OF TITLE
Title proper/short title Holy Bible, King James Version
264 #1 - PRODUCTION, PUBLICATION, DISTRIBUTION, MANUFACTURE, AND COPYRIGHT NOTICE
Place of production, publication, distribution, manufacture New York :
Name of producer, publisher, distributor, manufacturer American Bible Society,
Date of production, publication, distribution, manufacture, or copyright notice [2000?]
300 ## - PHYSICAL DESCRIPTION
Extent 1046 pages ;
Dimensions 21 cm
336 ## - CONTENT TYPE
Content type term text
Content type code txt
Source rdacontent
337 ## - MEDIA TYPE
Media type term unmediated
Media type code n
Source rdamedia
338 ## - CARRIER TYPE
Carrier type term volume
Carrier type code nc
Source rdacarrier
500 ## - GENERAL NOTE
General note "Presented to President Donald J. Trump on January 20th, 2017 by American Bible Society, on the occasion of the inauguration of Donald J. Trump, 45th President of the United States of America"--Preliminary pages.
710 2# - ADDED ENTRY--CORPORATE NAME
Corporate name or jurisdiction name as entry element Bible Collection (Library of Congress)
Institution to which field applies DLC
720 2# - ADDED ENTRY--UNCONTROLLED NAME
Name American Bible Society.
Holdings
Withdrawn status Lost status Damaged status Not for loan Home library Current library Shelving location Date acquired Total checkouts Full call number Barcode Date last seen Price effective from Koha item type
        Institut Protestant de Théologie Institut Protestant de Théologie General stacks 22/03/2026   BS185 2000 .N49 2000 BC0011203 22/03/2026 22/03/2026 Books